Data Mining for Business Analytics (Record no. 13814)

MARC details
000 -LEADER
fixed length control field 00484nam a22002057a 4500
003 - CONTROL NUMBER IDENTIFIER
control field OSt
008 - FIXED-LENGTH DATA ELEMENTS--GENERAL INFORMATION
fixed length control field 260213b |||||||| |||| 00| 0 eng d
020 ## - INTERNATIONAL STANDARD BOOK NUMBER
International Standard Book Number 9789357461672
082 ## - DEWEY DECIMAL CLASSIFICATION NUMBER
Classification number 006.312 SHD
100 ## - MAIN ENTRY--PERSONAL NAME
Personal name SHMUELI,Galit
245 ## - TITLE STATEMENT
Title Data Mining for Business Analytics
250 ## - EDITION STATEMENT
Edition statement 1st Ed
260 ## - PUBLICATION, DISTRIBUTION, ETC. (IMPRINT)
Place of publication, distribution, etc New Delhi
Name of publisher, distributor, etc Wiley
Date of publication, distribution, etc 2024
300 ## - PHYSICAL DESCRIPTION
Extent 603p
700 ## - ADDED ENTRY--PERSONAL NAME
Personal name BRUCE,Peter C
700 ## - ADDED ENTRY--PERSONAL NAME
Personal name GEDECK,Peter
700 ## - ADDED ENTRY--PERSONAL NAME
Personal name PATEL,Nitin R
700 ## - ADDED ENTRY--PERSONAL NAME
Personal name WALI,OP
942 ## - ADDED ENTRY ELEMENTS (KOHA)
Source of classification or shelving scheme Dewey Decimal Classification
Koha item type Reference Books
Holdings
Withdrawn status Lost status Source of classification or shelving scheme Damaged status Not for loan Collection code Home library Current library Date acquired Source of acquisition Currency Cost, normal purchase price Bill Number Total Checkouts Full call number Acc. no. / Barcode Date last seen Actual Cost, discounted price Bill Date Koha item type Public note
    Dewey Decimal Classification     BBA PIET C-LIBRARY PIET C-LIBRARY 31/08/2025 Bookskhoj INR 1069.00 099   006.312 SHD 39846 13/02/2026 910.00 31/08/2025 Reference Books Decentrilization

Design & Developed by: PIET Central Library
R70 Miles Stone Pattikalyana Samalkha Panipat 132102
mail ID :- [email protected], Phone No:- 0180-2569700 Ex.216